All Unstable Universe Characters - S1 - Statistics

General Stats
  • This quiz has been taken 1,079 times
    1,003 since last reset
  • The average score is 33 of 173
Answer Stats
Hint Answer % Correct
This Button Destroys the World ParrotX2
97%
How to Destroy the Universe Wemmbu
97%
How to Destroy the Universe SpokeIsHere
96%
How I Stole 10,356,000 Duped Items FlameFrags
88%
Unstable SMP: Doomsday The Director | Wifies
81%
I Uncovered Minecraft's Greatest Secret Wifies
81%
I Created Minecraft's Greatest Civilization Eggchan
79%
I Bankrupted Minecraft's Richest Civilization ashswagg
78%
I Broke into Minecraft's Most Secure Prison ClownPierce
75%
I Uncovered Minecraft's Greatest Secret PrinceZam
75%
How I Stole 10,356,000 Duped Items ManePear
73%
How to Destroy the Universe JumperWho
70%
I Mastered Minecraft Combat TheobaldTheBird
69%
How I Stole 10,356,000 Duped Items Mapicc
67%
I Created Minecraft's Greatest Civilization LettuceK
66%
How to Destroy the Universe TheRealSquiddo
63%
How I Stole 10,356,000 Duped Items Leow0ok
62%
How to Destroy the Universe Derapchu
60%
I Got Hunted by the Minecraft Mafia MinuteTech
59%
Why I Destroyed Our Minecraft Server Boosfer
54%
I Built Minecraft's Safest Civilization deanthebean9
52%
How to Destroy the Universe JamatoP
51%
I Got Hunted by Minecraft's Deadliest Players FerreMC
50%
I Created Minecraft's Greatest Civilization Jaden_MAN
50%
I Survived Minecraft's Most Corrupt City Reddoons
49%
It's Impossible to Catch this Player loppezz
47%
I Broke into Minecraft's Most Secure Prison Kenadian
45%
I Created Minecraft's Greatest Civilization Pangi
45%
How I Stole 10,356,000 Duped Items PlanetLord
43%
I Broke into Minecraft's Most Secure Prison rekrap2
42%
How to Destroy the Universe roshambogames
41%
How I Solved Minecraft's Greatest Escape Room Wato1876
41%
I Uncovered Minecraft's Greatest Secret LuigiToan
37%
I Built Minecraft's Safest Civilization Baablu
36%
How to Destroy the Universe Fantst
35%
I Broke into Minecraft's Most Secure Prison 4CVIT
33%
I Got Hunted by Minecraft's Deadliest Players BranzyCraft
33%
Why I Destroyed Our Minecraft Server Its_Dev_
33%
Why I Destroyed Our Minecraft Server Kierrrr
33%
I Uncovered Minecraft's Greatest Secret Peentar
32%
Unstable SMP: The First War Purpled
31%
I Created Minecraft's Greatest Civilization Horace_Altman
30%
I Discovered a Minecraft Sky Civilization Yeah_Jaron
30%
I Created Minecraft's Greatest Civilization Rejoicin
28%
I Got Hunted by the Minecraft Mafia Baconnwaffles0
27%
I Broke into Minecraft's Most Secure Prison Woogiex
26%
I Created Minecraft's Greatest Civilization Spepticle
25%
I Created Minecraft's Greatest Civilization Spongs
25%
The End of the Minecraft Mafia hannahxxrose
24%
I Got Hunted by Minecraft's Deadliest Players Mugm_
24%
I Survived Minecraft's Most Corrupt City CoinMonke
23%
I Fought Minecraft's Greatest War Dol9hin
21%
I Fought Minecraft's Greatest War Wyll_
21%
It's Impossible to Catch this Player Arcn
20%
How I Stole 10,356,000 Duped Items Jepexx
20%
I Discovered a Minecraft Sky Civilization Straight
20%
It's Impossible to Catch this Player yungwillx
20%
I Infiltrated The Minecraft Mafia iMajesticRose
17%
Breaking Into Minecraft's Most Illegal Vault Sharkilz
16%
I Survived Minecraft's Most Corrupt City _Tai
16%
I Survived Minecraft's Most Corrupt City Naparizel
15%
I Survived Minecraft's Most Corrupt City R4trick
14%
I Created Minecraft's Greatest Civilization Block_Facts
13%
Breaking Into Minecraft's Most Illegal Vault Tyrad
13%
How I Stole 10,356,000 Duped Items Merffinn
12%
It's Impossible to Catch this Player Sorhin
12%
I Created Minecraft's Greatest Civilization Twirps
12%
It's Impossible to Catch this Player ECorridor
11%
I Survived Minecraft's Most Corrupt City lezy
11%
Breaking Into Minecraft's Most Illegal Vault Only_A_Squid
11%
I Infiltrated The Minecraft Mafia BeckyTronVIII
10%
I Discovered a Minecraft Sky Civilization DumbIsDumb
10%
I Created Minecraft's Greatest Civilization expchan
10%
It's Impossible to Catch this Player TeamKalal
10%
I Discovered a Minecraft Sky Civilization TruOriginal
10%
I Created Minecraft's Greatest Civilization Falconu
9%
Unstable SMP: Doomsday Quackeinstein123
9%
I Fought Minecraft's Greatest War Rasplin
9%
The End of the Minecraft Mafia Cash
8%
I Created Minecraft's Greatest Civilization DioneK
8%
I Created Minecraft's Greatest Civilization pheeabee
8%
The End of the Minecraft Mafia Wallibear
8%
I Broke into Minecraft's Most Secure Prison Willsion
8%
I Survived Minecraft's Most Corrupt City Finiahn
7%
The End of the Minecraft Mafia im_a_squid_kid
7%
The End of the Minecraft Mafia NotNico
7%
I Survived Minecraft's Most Corrupt City PikaTM
7%
I Survived Minecraft's Most Corrupt City PukiTV
7%
It's Impossible to Catch this Player Sharooh
7%
I Created Minecraft's Greatest Civilization C4CorvetteOwner
6%
Unstable SMP: The First War Dimofyy
6%
I Survived Minecraft's Most Corrupt City nezoshoki
6%
Breaking Into Minecraft's Most Illegal Vault RealReeon
6%
It's Impossible to Catch this Player What_Max
6%
I Created Minecraft's Greatest Civilization youri_mc
6%
It's Impossible to Catch this Player Chiffoi
5%
It's Impossible to Catch this Player Elemental_Man
5%
The Search For Minecraft's Farlands Lamibee
5%
It's Impossible to Catch this Player SykerMC
5%
I Fought Minecraft's Greatest War YaBoiTae
5%
It's Impossible to Catch this Player zyye
5%
Minor Characters (Unstable SMP: Doomsday) cocomelon2
4%
I Survived Minecraft's Most Corrupt City cristalit
4%
Unstable SMP: Doomsday FwendlyS
4%
It's Impossible to Catch this Player ItsRyanStuff
4%
I Created Minecraft's Greatest Civilization Kieng
4%
Minor Characters (I Infiltrated the Minecraft Mafia) LifestealAdmin
4%
I Fought Minecraft's Greatest War LuckMixx
4%
I Broke into Minecraft's Most Secure Prison SmileyyMC
4%
I Bankrupted Minecraft's Richest Civilization USmellLikeupDog
4%
Unstable SMP: Doomsday Yusai_
4%
I Got Hunted by the Minecraft Mafia BobDaGreenFrog
3%
I Survived Minecraft's Most Corrupt City dizzyu
3%
I Fought Minecraft's Greatest War ItsLilKae
3%
I Survived Minecraft's Most Corrupt City Novagriddy
3%
Unstable SMP: The First War Z4YA
3%
I Discovered a Minecraft Sky Civilization Bazinga_2007
2%
Minor Characters (I Infiltrated the Minecraft Mafia) Bhovis
2%
Minor Characters (I Mastered Minecraft Combat) chungler
2%
Minor Characters (I Mastered Minecraft Combat) Dangernoodle
2%
I Infiltrated The Minecraft Mafia finger1974
2%
Minor Characters (I Mastered Minecraft Combat) FortniteLover12
2%
Minor Characters (I Mastered Minecraft Combat) FranklyGoated
2%
Minor Characters (I Mastered Minecraft Combat) PorkchopEx667
2%
Minor Characters (Unstable SMP: Doomsday) PorkchopEX667
2%
Minor Characters (I Mastered Minecraft Combat) ProfessorDog
2%
Minor Characters (Unstable SMP: Doomsday) PS5Lover123
2%
Minor Characters (I Mastered Minecraft Combat) SaltConsumer
2%
Minor Characters (I Mastered Minecraft Combat) SpruceStair
2%
Minor Characters (I Mastered Minecraft Combat) uglyANDproud
2%
I Discovered a Minecraft Sky Civilization xxburgerKing45
2%
Minor Characters (Unstable SMP: Doomsday) Archmeides
1%
Minor Characters (Unstable SMP: Doomsday) Atlas4205
1%
Minor Characters (Unstable SMP: Doomsday) Blockbreaker55
1%
Minor Characters (Unstable SMP: Doomsday) Bubbabyte
1%
Minor Characters (Unstable SMP: Doomsday) CadedenCantBall
1%
Minor Characters (Unstable SMP: Doomsday) Coyote
1%
Minor Characters (Unstable SMP: Doomsday) D8vi
1%
Minor Characters (How I Survived the Minecraft Mafia) DifferentStuff
1%
Minor Characters (The End of the Minecraft Mafia) DirtWorm
1%
Minor Characters (Unstable SMP: Doomsday) Ducksonn
1%
Minor Characters (Unstable SMP: Doomsday) DuDerDa
1%
Minor Characters (Unstable SMP: Doomsday) FredSquirt
1%
Minor Characters (How I Survived the Minecraft Mafia) gawwda
1%
Minor Characters (I Mastered Minecraft Combat) HeyImBotBurger
1%
Minor Characters (Unstable SMP: Doomsday) hollowedbrain143
1%
Minor Characters (Unstable SMP: Doomsday) Iqcniq
1%
Minor Characters (The End of the Minecraft Mafia) lalallaa
1%
Minor Characters (How I Survived the Minecraft Mafia) LeeFireNation
1%
Minor Characters (Unstable SMP: Doomsday) masoid
1%
Minor Characters (The End of the Minecraft Mafia) mp6
1%
Minor Characters (Unstable SMP: Doomsday) niftynathan7
1%
Minor Characters (Unstable SMP: Doomsday) onfire4
1%
Minor Characters (Unstable SMP: Doomsday) oReal
1%
Minor Characters (Unstable SMP: Doomsday) PeanutArbuckle
1%
Minor Characters (Unstable SMP: Doomsday) robagrocerystore
1%
Minor Characters (Unstable SMP: Doomsday) rodogg715
1%
Minor Characters (Unstable SMP: Doomsday) Rosenwood1
1%
Minor Characters (Unstable SMP: Doomsday) sandyma
1%
Minor Characters (Unstable SMP: Doomsday) ShockieArts
1%
Minor Characters (I Mastered Minecraft Combat) Shrigma_Male_16
1%
Minor Characters (How I Survived the Minecraft Mafia) SigmaDanger
1%
Minor Characters (The End of the Minecraft Mafia) skidmark
1%
Minor Characters (Unstable SMP: Doomsday) ThalamusJR
1%
Minor Characters (Unstable SMP: Doomsday) U5KUN
1%
Minor Characters (Unstable SMP: Doomsday) wacoon
1%
Minor Characters (Unstable SMP: Doomsday) WaffleMCX
1%
Minor Characters (Unstable SMP: Doomsday) Wavemelon
1%
Minor Characters (Unstable SMP: Doomsday) XboxEnjoy3r
1%
Minor Characters (Unstable SMP: Doomsday) Joaquin435
0%
Minor Characters (Unstable SMP: Doomsday) RraxxF3
0%
Minor Characters (Unstable SMP: Doomsday) solacemace88
0%
Minor Characters (Unstable SMP: Doomsday) yxvb
0%
No matching quizzes found
Score Distribution
Percent of People with Each Score
Percentile by Number Answered
Your Score History
You have not taken this quiz since the last reset